Chuyện đời tôi

Bewaard in:
Bibliografische gegevens
Coauteur: Nhiều tác giả
Formaat: Boek
Taal:Undetermined
Gepubliceerd in: Hà Nội Công an Nhân dân 2007
Onderwerpen:
Tags: Voeg label toe
Geen labels, Wees de eerste die dit record labelt!
Thư viện lưu trữ: Trung tâm Học liệu Trường Đại học Cần Thơ
LEADER 00607nam a2200205Ia 4500
001 CTU_127986
008 210402s9999 xx 000 0 und d
020 |c 32000 
082 |a 895.9228 
082 |b Ch527 
110 |a Nhiều tác giả 
245 0 |a Chuyện đời tôi 
245 0 |c Nhiều tác giả 
260 |a Hà Nội 
260 |b Công an Nhân dân 
260 |c 2007 
650 |a Short stories, vietnamese,Truyện ngắn Việt Nam 
650 |y 21st century,Thế kỷ 21 
904 |i Tuyến 
980 |a Trung tâm Học liệu Trường Đại học Cần Thơ